এরশাদের পতন ও সাহাবুদ্দীনের অস্থায়ী শাসন : (Record no. 68967)
[ view plain ]
| 000 -LEADER | |
|---|---|
| fixed length control field | 00952nam a2200229 a 4500 |
| 001 - CONTROL NUMBER | |
| control field | 68967 |
| 003 - CONTROL NUMBER IDENTIFIER | |
| rucl marc code | BD-RjUL |
| 005 - DATE AND TIME OF LATEST TRANSACTION | |
| control field | 20211209081832.0 |
| 008 - FIXED-LENGTH DATA ELEMENTS--GENERAL INFORMATION | |
| fixed length control field | 170409s1996 bg |||| |||| 000 0 ben d |
| 020 ## - INTERNATIONAL STANDARD BOOK NUMBER | |
| International Standard Book Number | 9844640336 |
| Terms of availability | : Tk. 90.00 |
| 035 ## - SYSTEM CONTROL NUMBER | |
| System control number | (BD-RjUL)69178 |
| 040 ## - CATALOGING SOURCE | |
| Original cataloging agency | BD-RjUL |
| Language of cataloging | ben |
| Transcribing agency | BD-RjUL |
| Modifying agency | BD-RjUL |
| 041 ## - LANGUAGE CODE | |
| Language code of text/sound track or separate title | ben |
| 082 ## - DEWEY DECIMAL CLASSIFICATION NUMBER | |
| Edition number | 23 |
| Classification number | 954.92 |
| Author mark and year | KHE 1996 |
| 100 1# - MAIN ENTRY--PERSONAL NAME | |
| Personal name | খান, মনজুর রশীদ |
| 9 (RLIN) | 204340 |
| 245 10 - TITLE STATEMENT | |
| Title | এরশাদের পতন ও সাহাবুদ্দীনের অস্থায়ী শাসন : |
| Remainder of title | কাছ থেকে দেখা / |
| Statement of responsibility, etc. | মনজুর রশীদ খান |
| 260 ## - PUBLICATION, DISTRIBUTION, ETC. (IMPRINT) | |
| Place of publication, distribution, etc. | ঢাকা : |
| Name of publisher, distributor, etc. | অঙ্কুর প্রকাশনী, |
| Date of publication, distribution, etc. | ১৯৯৬ |
| 300 ## - PHYSICAL DESCRIPTION | |
| Pagination | ১৩৫ পৃ. ; |
| Size | ২৪ সেমি. |
| 651 ## - SUBJECT ADDED ENTRY--GEOGRAPHIC NAME | |
| Geographic name | বাংলাদেশ |
| General subdivision | সরকার ও রাজনীতি |
| 9 (RLIN) | 127705 |
| Geographic name | Bangladesh |
| General subdivision | Politics and government |
| 9 (RLIN) | 116974 |
| 942 ## - ADDED ENTRY ELEMENTS (KOHA) | |
| Source of classification or shelving scheme | Dewey Decimal Classification |
| Koha item type | Books |
| Lost status | Source of classification or shelving scheme | Damaged status | Not for loan | Collection code | Permanent Location | Current Location | Shelving location | Date acquired | Source of acquisition | Cost, normal purchase price | Total Checkouts | Full call number | Date last seen | Copy number | Koha item type |
|---|---|---|---|---|---|---|---|---|---|---|---|---|---|---|---|
| Dewey Decimal Classification | Not For Loan | Non-fiction | Central Library, University of Rajshahi | Central Library, University of Rajshahi | Reading Room | 11/03/1997 | Ankur Prokashoni | 90.00 | B 954.92 KHE 1996 | 09/04/2017 | C-1 | Books |